Geografia con la lettera "C" - Statistics

Statistiche generali
  • Questo quiz è stato fatto 100 volte
  • Il punteggio medio è 68 su 124
Statistiche sulle risposte
Suggerimento Risposta % Corretto
Capoluogo della Sardegna Cagliari
99%
Capoluogo del Molise Campobasso
98%
Capitale dell'Australia Canberra
98%
Regione con capoluogo Catanzaro Calabria
96%
Regione con capoluogo Napoli Campania
96%
Paese con capitale Ottawa Canada
96%
Capoluogo della Calabria Catanzaro
94%
Comune e Isola in provincia di Napoli Capri
93%
Comune sulla Costa Azzurra, noto per il festival del cinema (Francia) Cannes
91%
Provincia della Sicilia Catania
91%
Capoluogo insieme a Massa di una provincia della Toscana Carrara
90%
Regione con capoluogo Barcellona (Spagna) Catalogna
90%
Provincia della Sicilia Caltanissetta
89%
Paese con capitale Praga Cechia
89%
Paese con capitale Pechino Cina
89%
Capitale della Città del Vaticano | Paese con capitale Città del Vaticano Città del Vaticano
89%
Provincia della Calabria Cosenza
89%
Città con con +4,5M abitanti, nota per Madre Teresa (India) Calcutta
88%
Città inglese, nota per la sua Università Cambridge
88%
Mare che bagna le Antille (Cuba la più nota) Caraibi
88%
Paese con capitale Bogotà Colombia
88%
Paese con capitale Santiago Cile
86%
Paese con capitale L'Avana Cuba
86%
Provincia della Campania Caserta
85%
Paese con capitale Nicosia Cipro
85%
Capitale del Messico Città del Messico
85%
Provincia della Lombardia Como
85%
Paese con capitale Zagabria Croazia
84%
Paese con capitale Pyongyang Corea del Nord
83%
Paese con capitale Seul Corea del Sud
83%
Provincia del Piemonte Cuneo
83%
Terza città per popolazione della Colombia (2,3M abitanti) Cali
81%
Paese con capitale Phnom Penh Cambogia
81%
Capitale della Danimarca Copenaghen
81%
Regione con capoluogo Ajaccio (Francia) Corsica
81%
Provincia della Lombardia Cremona
81%
Capitale del Venezuela Caracas
80%
Lago più esteso dell Terra tra Europa e Asia, chiamato anche mare Caspio
80%
Città ucraina, nota per il disastro nucleare Chernobyl
80%
Stato con capitale Sacramento (USA) California
79%
Stato europeo indipendente che si divise in Rep. Ceca e Slovacchia Cecoslovacchia
79%
Capoluogo insieme a Forlì di una provincia dell'Emilia-Romagna Cesena
79%
Stato con capitale Denver (USA) Colorado
79%
Provincia della Calabria Crotone
78%
Provincia dell'Abruzzo Chieti
75%
Capitale del Galles (Regno Unito) Cardiff
74%
Capitale del della Moldavia Chișinău
70%
Paese con capitale Yaoundé Camerun
69%
Comune in provincia di Roma, noto per il suo Aeroporto (Lazio) Ciampino
68%
Stato con capitale Raleigh (USA) Carolina del Nord
66%
Città più popolosa del Marocco Casablanca
66%
Paese con capitale N'Djamena Ciad
66%
Isola più estesa della Grecia Creta
66%
Gruppo montuoso dell'Europa Centrale (Principalemente in Romania) Carpazi
64%
Stato con capitale Columbia (USA) Carolina del Sud
63%
Terza montagna italiana per altitudine Cervino
63%
Seconda città per popolazione della Polonia (+800K abitanti) Cracovia
63%
Colle romano che ospita il municipio Campidoglio
60%
Paese con capitale Praia Capo Verde
59%
Paese con capitale San José Costa Rica
58%
Comune inglese, noto per ospitare la massima autorità spirituale della Chiesa anglicana Canterbury
56%
Comune in provincia di Modena (+73K abitanti) Carpi
55%
Antica provincia francese, nota per il suo spumante Champagne
53%
Comune in provincia di Milano, noto per ospitare la sede Mediaset e di molte radio Cologno Monzese
53%
Catena montuosa tra Mar Nero e Mar Caspio Caucaso
51%
Paese con capitale Yamoussoukro Costa d'Avorio
51%
Provincia dell'Andalusia (Spagna) Cadice
50%
Regione con capoluogo Valladolid (Spagna) Castiglia e León
49%
Regione con capoluogo Toledo (Spagna) Castiglia-La Mancia
49%
Capitale del Guatemala Città del Guatemala
49%
Comune in provincia di Venezia, noto per la sua laguna Chioggia
46%
Comune in provincia di Milano (+75K abitanti) Cinisello Balsamo
46%
Capitale della Carolina del Sud (USA) | Principale fiume del Nord-ovest Pacifico del Nord America (Canada-USA) Columbia
46%
Paese con capitale Moroni Comore
46%
Città costiera più popolosa nel Sud della Cina Canton
43%
Città più popolosa dell'Illinois (USA) Chicago
41%
Colle romano Celio
40%
Isola più estesa del parco della Maddalena (Sardegna) Caprera
39%
Territorio di Cipro controllato dalla Turchia Cipro del Nord
38%
Stato con capitale Hartford (USA) Connecticut
38%
Seconda città per popolazione dell'Argentina (+1,3M abitanti) Cordoba
38%
Comune in provincia di Foggia (+57K abitanti) Cerignola
36%
Isola carcere in provincia di Livorno (Toscana) Capraia
35%
Regione storica tra Italia, Slovenia e Croazia Carso
34%
Comune in provincia di Napoli(+73K abitanti) Casoria
34%
Città autonoma spagnola, oltre lo Stretto di Gibilterra Ceuta
34%
Ex nome dello Sri Lanka Ceylon
34%
Tra le piazze principali di Milano, ospita l'omonima stazione della Metro Cadorna
33%
Provincia della Vestfalia (Germania) Colonia
33%
Comune in provincia di Livorno, noto per il suo omonimo fiume Cecina
31%
Comune in provincia di Napoli(+62K abitanti) Castellammare di Stabia
30%
Città in Ohio, nota per i Cavaliers in NBA (USA) Cleveland
30%
Capitale della Guinea Conakry
28%
Capitale di Saint Lucia Castries
26%
Territorio d'oltremare olandese nei Caraibi Curaçao
26%
Comune in provincia di Trapani, noto per Matteo Messina Denaro e Giovanni Gentile Castelvetrano
24%
Capitale dell'Ohio Columbus
24%
Tra le piazze principali di Milano, ospita l'omonima stazione della Metro Cordusio
24%
Città più popolosa della Carolina del Nord (USA) Charlotte
23%
Parallelo a Nord più importante Circolo Polare Artico
23%
Provincia dell'Andalusia (Spagna) Cordova
23%
Parallelo a Sud più importante Circolo Polare Antartico
21%
Capitale del Nevada (USA) Carson City
20%
Comune in provincia di Roma (+51K abitanti) Civitavecchia
20%
Regione a Sud Ovest dell'Inghilterra (Regno Unito) Cornovaglia
20%
Regione con capoluogo Santander (Spagna) Cantabria
19%
Comune in provincia di Gnova, noto per il turismo Chiavari
19%
regione storico-geografica dell'Est della Libia con capoluogo Bengasi Cirenaica
18%
Repubblica satellite della Francia napoleonica, creato nel 1797 nel Nord Italia Cisalpina
18%
Capitale della Virginia Occidentale (USA) Charleston
16%
Quartiere nella periferia Sud-Est di Milano Corvetto
16%
Capitale del New Hampshire (USA) Concord
14%
Frazione del Comune italiano: Capriate San Gervasio, noto per il Villaggio operaio patrimonio UNESCO (Lombardia) Crespi d’Adda
14%
Capitale del Wyoming (USA) Cheyenne
11%
Comune più esteso della Spagna Cáceres
10%
Territorio d'oltremare inglese nei Caraibi Cayman
10%
Comune in provincia di Cosenza (+73K abitanti) Corigliano-Rossano
10%
Comune più esteso e popoloso al mondo (Cina) Chongqing
8%
Regione con capoluogo Orléans (Francia) Centro-Valle della Loira
5%
Atollo francese situato nell'oceano Pacifico Clipperton
5%
Quartiere residenziale ad Est di Milano Calvairate
4%
Provincia della Castiglia-La Mancia (Spagna) Cuenca
4%
Nessun quiz corrispondente trovato
Distribuzione punteggi
Percentuale di utenti per punteggio
Percentile per numero di risposta
I tuoi punteggi nel tempo
Non hai fatto questo quiz